书目信息 |
| 题名: |
新版剑桥BEC考试真题集
|
|
| 作者: | ;剑桥大学考试委员会 编著 | |
| 分册: | 第5辑 高级 | |
| 出版信息: | 北京 商务印书馆 2015 |
|
| 页数: | 156页 | |
| 开本: | 25cm | |
| 丛书名: | ||
| 单 册: | ||
| 中图分类: | F7-44 , H319.6 | |
| 科图分类: | ||
| 主题词: | 商务--英语--考核--试题 , 英语 | |
| 电子资源: | ||
| ISBN: | 978-7-100-11455-4 | |
| 000 | 01130nam0 2200289 450 | |
| 001 | 5708 | |
| 005 | 20181022084124.15 | |
| 010 | @a978-7-100-11455-4@dCNY48.00 | |
| 100 | @a20160129d2015 em y0chiy50 ea | |
| 101 | 0 | @achi@aeng |
| 102 | @aCN@b110000 | |
| 105 | @ay q 000yy | |
| 200 | 1 | @a新版剑桥BEC考试真题集@9xin ban jian qiao BEC kao shi zhen ti ji@h第5辑@i高级@b专著@dCambridge English business higher@h5@f剑桥大学外语考试部编著@zeng |
| 210 | @a北京@c商务印书馆@d2015 | |
| 215 | @a156页@d25cm@e1光盘 | |
| 304 | @a附答案和听力CD | |
| 306 | @a版权由剑桥大学出版社和商务印书馆共同所有 | |
| 307 | @a附光盘:ISBN 978-7-900284-50-1 | |
| 330 | @a桥BEC考试真题集是针对国内BEC考试的配套真题,该真题集共5辑,每一辑又分为初、中、高三级,本高级包括四套完整的商务英语高级证书考试真题,并附有详细的答案。 | |
| 510 | 1 | @aCambridge English business higher@h5@zeng |
| 606 | 0 | @a商务@x英语@x考核@j试题 |
| 606 | 0 | @a英语 |
| 690 | @aF7-44@v5 | |
| 690 | @aH319.6@v4 | |
| 711 | 02 | @a剑桥大学考试委员会@9jian qiao da xue kao shi wei yuan hui@b外语考试部@4编著 |
| 801 | 0 | @aCN@b91MARC@c20160705 |
| 905 | @aMuseLib@dH319.6@e2:5 | |
| 新版剑桥BEC考试真题集.第5辑.高级=Cambridge English business higher.5/剑桥大学外语考试部编著.-北京:商务印书馆,2015 |
| 156页;25cm+1光盘 |
| ISBN 978-7-100-11455-4:CNY48.00 |
| 桥BEC考试真题集是针对国内BEC考试的配套真题,该真题集共5辑,每一辑又分为初、中、高三级,本高级包括四套完整的商务英语高级证书考试真题,并附有详细的答案。 |
| ● |
| 相关链接 |
|
|
|
|
正题名:新版剑桥BEC考试真题集
索取号:H319.6/2:5
 
预约/预借
| 序号 | 登录号 | 条形码 | 馆藏地/架位号 | 状态 | 备注 |
| 1 | 1130914 | 211309145 | 第二样本阅览室/ [索取号:H319.6/2:5] | 在馆 | |
| 2 | 1130915 | 211309154 | 第四借阅区/ [索取号:H319.6/2:5] | 在馆 | |
| 3 | 1130916 | 211309163 | 密集书库—外国语学院/ [索取号:H319.6/2:5] | 在馆 | |
| 4 | 1130917 | 211309172 | 第四借阅区/ [索取号:H319.6/2:5] | 在馆 | |
| 5 | 1130918 | 211309181 | 第四借阅区/ [索取号:H319.6/2:5] | 在馆 |